000 00521nam a22001937a 4500
003 CEME
005 20210628205606.0
008 210308b xxu||||| |||| 00| 0 eng d
020 _a81-7224-418-5
040 _c.
082 _a621.252 LOB
100 _aRoss, Robert R Lobanoff, Val S
_976162
245 _aCentrifugal pumps design and applications
250 _a2ND
260 _aBOMBAY
_bJAICO PUBLISHING
_c1996
300 _a577P
650 _aCENTRIFUGAL PUMPS DESIGN AND APPLICATIONS
_976163
942 _cBK
_2ddc
999 _c581576
_d581576